|
|
|
|
| LEADER |
00000nam0a2200000 4500 |
| 001 |
274559 |
| 005 |
20231101234735.0 |
| 035 |
|
|
|a (RuTPU)RU\TPU\book\297769
|
| 090 |
|
|
|a 274559
|
| 100 |
|
|
|a 20141106d1985 m y0rusy50 ca
|
| 101 |
0 |
|
|a eng
|a rus
|
| 102 |
|
|
|a RU
|
| 105 |
|
|
|a a j 001zy
|
| 200 |
1 |
|
|a Фонетический вводно-коррективный курс английского языка
|e учебное пособие для студентов институтов и факультетов иностранных языков
|f Н. Д. Лукина
|
| 210 |
|
|
|a Москва
|c Высшая школа
|d 1985
|
| 215 |
|
|
|a 204 с.
|c ил.
|
| 225 |
1 |
|
|a Учебное пособие для вузов
|
| 320 |
|
|
|a Библиогр.: с. 202-203
|
| 606 |
1 |
|
|a Английский язык
|x Учебные руководства и пособия для высшей школы
|x Пособия по фонетике
|2 stltpush
|3 (RuTPU)RU\TPU\subj\29072
|9 52484
|
| 610 |
1 |
|
|a фонетика
|
| 610 |
1 |
|
|a фонетическая система
|
| 610 |
1 |
|
|a фонетические знаки
|
| 610 |
1 |
|
|a фонетические упражнения
|
| 610 |
1 |
|
|a звуки
|
| 610 |
1 |
|
|a слово
|
| 610 |
1 |
|
|a предложение
|
| 610 |
1 |
|
|a ритм
|
| 610 |
1 |
|
|a интонация
|
| 686 |
|
|
|a Ш143.21-923.1
|v LBC/SL-A
|2 rubbk
|
| 700 |
|
1 |
|a Лукина
|b Н. Д.
|g Надежда Дмитриевна
|
| 801 |
|
1 |
|a RU
|b 63413507
|c 20141106
|
| 801 |
|
2 |
|a RU
|b 63413507
|c 20170324
|g RCR
|
| 942 |
|
|
|c BK
|